00603nam a2200217 a 45000010005000000030009000050080041000140400028000550820016000832450037000992600032001363000015001685900032001836500020002156500024002356500028002596500033002876500036003209420012003569990017003681259CO-ViMGA141112s2004 ck r 000 u spa d aCO-ViMGAbspacCO-ViMGA aR333.7 A75110aAtlas mundial del medio ambiente aMadrid : bCultural, c1995 a112 p : il aDatos de inventario : 0517414aATMOSFERA9399214aBIODIVERSIDAD9399314aENERGIA - FUENTES9399414aMEDIO AMBIENTE - ATLAS9399514aPARQUES NATURALES - MUNDO93996 2ddccBK c11305d11305